| 000 | 00771pam a2200229 a 4500 | ||
|---|---|---|---|
| 001 | 652479 | ||
| 005 | 20180131073958.0 | ||
| 008 | 940503s1994 nyua b 001 0 eng | ||
| 010 | _a 94018148 | ||
| 020 | _a0465088937 | ||
| 040 |
_aDLC _cDLC _dDLC |
||
| 041 | _aeng | ||
| 080 | _a616.85/8520651 els | ||
| 082 | 0 | 0 |
_a616.85/8520651 els _220 |
| 100 | 1 | _a48 | |
| 101 | _apsi | ||
| 245 | 1 | 0 |
_aInterpersonal group psychotherapy for borderline personality disorder / _cElsa Marziali and Heather Munroe-Blum. |
| 504 | _aIncludes bibliographical references (p. [189]-204) and index. | ||
| 906 |
_a7 _bcbc _corignew _d1 _eocip _f19 _gy-gencatlg |
||
| 942 |
_2ddc _cBK |
||
| 999 |
_c41384 _d41384 |
||